| 000 | 00650nam a2200253Ia 4500 | ||
|---|---|---|---|
| 003 | OSt | ||
| 005 | 20220918184643.0 | ||
| 006 | a|||||r|||| 00| 0 | ||
| 007 | ta | ||
| 008 | 220917b |||||||| |||| 00| 0 eng d | ||
| 024 | _a47,418 | ||
| 037 | _cTextual | ||
| 040 |
_aARTS _cARTS _beng |
||
| 041 |
_2eng _aeng |
||
| 082 | _aO42,1x, 111K5 | ||
| 110 | _aUNESCO | ||
| 245 | 0 |
_amanyoshu _b Translation of one thousand poems |
|
| 260 |
_aNew York _bColumbia Uni. Press USA _c1965 |
||
| 300 |
_a362p. _ccm. |
||
| 650 | _aENGLISH LITERATURE | ||
| 700 | _aUNESCO | ||
| 942 |
_hO42,1x, 111K5 _cTEXL _2CC |
||
| 999 |
_c177274 _d177274 |
||